000 00903nas a2200265 4500
001 BR2014000206
003 BR-BrBNA
005 20231205123556.0
007 ta
008 230509b bl.|||p| |||| 00| 00por d
040 _aBR-BrBNA
_bpor
_cBiblioteca Nacional de Agricultura
041 _a(Pt)
072 _aU10
100 1 _aAlves, H.M.R.
100 1 _aVieira,T.G.C.
100 1 _aAndrade, H.
245 1 _aSistemas de informação geográfica na avaliação de impactos ambientais provenientes de atividades agropecuárias
650 _aPROGRAMA DE COMPUTADOR
650 _aAGRICULTURA
650 _aPECUÁRIA
650 _aMEIO AMBIENTE
773 0 _tInforme Agropecuário - Empresa Brasileira de Pesquisa Agropecuária de Minas Gerais (Brazil)
_xISSN 0100-3364
_g(Jan-Feb 2000), v. 21(202) p. 99-109
_wBR2014000206
909 _a202311
_bLúcia
_c55
_dLúcia Elande
942 _2AGRIS
_n0
_cANA
999 _c234602
_d234602